[Event "120th Taflfelag Reykjavik-A 2020"]
[Site "Reykjavik"]
[Date "2020.09.26"]
[Round "6.2"]
[White "Thorhallsson, Simon"]
[Black "Kjartansson, David"]
[Result "0-1"]
[WhiteElo "2215"]
[BlackElo "2338"]
[Annotator "TA"]
[PlyCount "176"]
[EventDate "2020.09.13"]
[EventType "tourn"]
[EventCountry "ISL"]
[SourceTitle "playchess.com"]
[Source "ChessBase"]
[SourceQuality "1"]

{[%evp 16,176,26,21,73,33,47,54,54,48,57,23,74,30,81,25,75,66,79,77,66,72,87,37,48,-6,-1,0,0,-91,0,-136,-165,-177,21,21,85,10,8,8,12,-50,0,0,0,-10,-16,-73,-74,-67,-70,-143,-117,-266,-254,-212,-121,-118,0,0,0,-9,0,0,23,-37,-43,-28,-31,-31,-31,-58,-31,-54,-43,-98,0,-126,-73,-66,0,-33,0,0,0,-25,4,-24,14,14,14,10,18,0,0,0,19,0,0,0,0,0,0,-6,0,0,0,0,0,0,0,-19,-26,-26,0,-25,-25,-18,-1,-187,8,-16,0,0,0,0,0,-168,8,-13,0,0,27,28,35,0,0,-12,-13,-381,0,-12,-12,-12,-12,-12,-12,-592,-591,-29985,-29986,-29989,-29985,-29985,-29986,-29989,-29990,-29989,-29989,-29990,-29991,-29991,-29990]} 1. e4 c5 2. Nf3 e6 3. d4 cxd4 4. Nxd4 Nc6 5. Nc3 Qc7 6. Be3 a6 7. Qd2 Nf6 8. O-O-O Bb4 {8...Be7 is more fashionable.} 9. f3 b5 {B48: Sicilian: Taimanov: 5 Nc3 Qc7 6 Be3 a6 without Be2.} (9... Ne5 $11) 10. Nxc6 Qxc6 11. Bd4 Be7 {White is slightly better.} 12. e5 Nd5 13. Ne4 Bb7 (13... b4 $11) 14. Kb1 {[#]} Rc8 $146 (14... b4 $11) ({Predecessor:} 14... a5 15. Rc1 Ba6 16. Be2 b4 17. Bxa6 Qxa6 18. Rhd1 Qb7 19. c4 bxc3 20. Nxc3 Bb4 {0-1 (45) Sorgic,D (2265)-Miladinovic,I (2558) Paracin 2013}) 15. Rc1 (15. c3 $16) 15... f5 16. exf6 $1 Nxf6 17. Nxf6+ gxf6 18. Qh6 e5 19. Qg7 Rf8 20. Bf2 (20. Be3 $14) 20... Rf7 $1 $11 {[%cal Rf7g7]} 21. Qg8+ Bf8 $1 22. Bd3 (22. Qg4 $11) 22... Qe6 (22... Rg7 $17 23. Qb3 Rxg2) 23. Bxh7 (23. Bh4 $11) 23... Rg7 $17 24. Qh8 Rxg2 $2 (24... f5 $1 $19 25. Be3 Qf7) 25. Bg3 $11 {Threatening f4.} Bd5 (25... Qf7 $11 {remains equal.}) 26. Bg6+ (26. b3 $16) 26... Ke7 $132 {[%mdl 2048] Black is fighting back} 27. Qh7+ Kd8 28. b3 (28. Bf5 $11 Qe7 29. Qh3) 28... Qe7 29. Qh3 Bxf3 30. Be1 {Black must now prevent Ba5+.} Rxg6 31. Qxf3 (31. Ba5+ $1 $11 Ke8 32. Qxf3) 31... Rc6 $1 $17 32. h4 e4 33. Qe3 (33. Ba5+ $15 Kc8 34. Qf5) 33... Qe5 34. Ba5+ (34. Rd1 $17 Ba3 35. Ba5+ Kc8 36. Qd4 Qxd4 37. Rxd4) 34... Ke8 $19 35. Rcd1 Bc5 (35... f5 $1 $19 36. h5 Rg2) 36. Qh3 $17 Qe6 (36... Rd6 $1 $17 37. Bc3 Rg3 38. Bxe5 Rxd1+ 39. Rxd1 Rxh3 40. Bxf6 e3) 37. Qh2 $11 Bd6 38. Qe2 $1 Qg4 39. Qd2 {Threatens to win with h5.} Qg2 40. Rhe1 (40. Qc1 $11 Qf3 41. h5) 40... Qxd2 $15 41. Rxe4+ Be5 {[%cal Rd2d1]} 42. Bxd2 (42. Rxd2 $2 {is a self mate.} Rg1+ 43. Re1 Rxe1+ 44. Rd1 Rxd1#) 42... Rg2 43. h5 Kf7 44. h6 Rh2 45. Bc1 (45. a3 $15) 45... Ke6 ({Better is} 45... Rcxc2 $17 46. Rxd7+ Kg6) 46. Rd2 (46. Bf4 $11 {keeps the balance.} Rcxc2 47. Bxh2 Rxh2 48. Ree1 Rxh6 49. Rh1) 46... Rh1 (46... Rxh6 $142 47. Re1 Rh4) 47. Rde2 $17 d5 (47... Rc3 $15 48. Re1 Rch3) 48. R4e3 Rc8 49. Re1 Rh5 50. R3e2 Rh8 51. Rd1 b4 52. Ree1 Rh7 53. Rg1 (53. Bd2 {with more complications.} a5 54. Re2 Rh4 55. Rg1 Kf7 56. Rf1) 53... Rh2 54. Rh1 (54. Rg8 {looks sharper.} Rc7 55. Bd2 a5 56. Re8+ Kf5 57. Rf1+) 54... Rxh1 55. Rxh1 $11 {[%mdl 4096] Endgame KRB-KRB} d4 56. Rg1 Kf7 57. Bd2 f5 58. Rf1 Ke6 59. Rg1 Kd5 60. Kc1 f4 61. Rg6 a5 62. Kd1 Ke4 63. Re6 Kf5 64. Ra6 Ke4 65. Re6 Rh8 66. Ke2 Rg8 67. Kf1 $2 {[#]} (67. h7 $11 {and White stays safe.} Rg2+ 68. Kf1) 67... Kf5 $2 (67... Rg5 $1 $19 {Hoping for ...d3.} 68. Kf2 Rh5) 68. Ra6 Rh8 69. Ke2 Ke4 70. Re6 Rg8 $2 (70... Kf5 $11 71. Ra6 Rg8) 71. Kf1 $19 {[#]} Kf5 $2 (71... Rg5 $1 $19 {And now ...d3 would win.} 72. Kf2 Rh5) 72. Ra6 Rc8 73. Rxa5 Ke4 {...Rc6 is the strong threat.} 74. h7 Bh8 75. Bxb4 Rc7 $1 76. Rc5 Rxh7 77. a4 $2 {[%mdl 8192]} (77. Rc8 $1 $11) 77... d3 $2 ({Black should play} 77... Be5 $19 {Strongly threatening ...f3.} 78. Kg1 f3) 78. cxd3+ Kf3 {[%cal Rh7h1]} 79. Ke1 Bd4 80. Rc4 Ke3 {[%cal Rh7h1]} (80... Be3 $5 81. Kd1 $8 Rh1+ 82. Kc2 Ke2 $11) 81. Kd1 $2 {[%mdl 8192]} (81. Bd2+ $1 $11 Kxd3 82. Rxd4+ Kxd4 83. Bxf4) 81... f3 82. Be1 {[#] and the idea Bf2+ leaves White hopeful.} Rh1 $1 {[%mdl 512] Black mates.} 83. Rc2 Kxd3 84. Rd2+ Ke4 85. Rc2 f2 {[%csl Gh1][%cal Rf2e1][%mdl 64] Pin} 86. Re2+ Kf3 87. Re8 f1=Q 88. Rf8+ {[#]} Ke4 $1 {Accuracy: White = 58%, Black = 66%.} 0-1

[Event "120th Taflfelag Reykjavik-A 2020"]
[Site "Reykjavik"]
[Date "2020.09.26"]
[Round "6.3"]
[White "Bjornsson, Sigurbjorn"]
[Black "Sigfusson, Sigurdur"]
[Result "1/2-1/2"]
[WhiteElo "2357"]
[BlackElo "2276"]
[Annotator "ChessBase"]
[PlyCount "39"]
[EventDate "2020.09.13"]
[EventType "tourn"]
[EventCountry "ISL"]
[SourceTitle "playchess.com"]
[Source "ChessBase"]
[SourceQuality "1"]
[TimeControl "40/5400+15:1800+30"]

1. e4 {[%emt 0:03:49]} e5 {[%emt 0:00:00]} 2. Nf3 {[%emt 0:00:00]} Nc6 {[%emt 0:00:00]} 3. d4 {[%emt 0:00:19]} exd4 {[%emt 0:00:00]} 4. Nxd4 {[%emt 0:00:00]} Bc5 {[%emt 0:00:01]} 5. Nxc6 {[%emt 0:00:00]} Qf6 {[%emt 0:01:17]} 6. Qf3 {[%emt 0:00:00]} dxc6 {[%emt 0:04:57]} 7. Nc3 {[%emt 0:00:00]} h5 {[%emt 0:06:00]} 8. Be3 {[%emt 0:03:30]} Bb4 {[%emt 0:26:45]} 9. O-O-O {[%emt 0:05:29]} Qe7 {[%emt 0:07:30]} 10. Qg3 {[%emt 0:19:10]} Bxc3 {[%emt 0:00:59]} 11. bxc3 {[%emt 0:00:00]} Qa3+ {[%emt 0:00:34]} 12. Kd2 {[%emt 0:01:37]} Nf6 {[%emt 0:07:34]} 13. f3 {[%emt 0:04:32]} Be6 {[%emt 0:04:02]} 14. Qxc7 {[%emt 0:15:42]} O-O {[%emt 0:03:20]} 15. Bd3 {[%emt 0:02:35]} Rad8 {[%emt 0:03:13]} 16. Ke2 {[%emt 0:12:11]} Qxc3 {[%emt 0:05:04]} 17. Bd2 {[%emt 0:00:04]} Qc5 {[%emt 0:00:45]} 18. Be3 {[%emt 0:00:18]} Qc3 {[%emt 0:00:14]} 19. Bd2 {[%emt 0:00:37]} Qc5 {[%emt 0:00:00]} 20. Be3 {[%emt 0:01:04]} 1/2-1/2

[Event "120th Taflfelag Reykjavik-A 2020"]
[Site "Reykjavik"]
[Date "2020.09.26"]
[Round "6.4"]
[White "Einarsson, Halldor Gretar"]
[Black "Gretarsson, Helgi Ass"]
[Result "0-1"]
[WhiteElo "2258"]
[BlackElo "2401"]
[Annotator "ChessBase"]
[PlyCount "78"]
[EventDate "2020.09.13"]
[EventType "tourn"]
[EventCountry "ISL"]
[SourceTitle "playchess.com"]
[Source "ChessBase"]
[SourceQuality "1"]
[TimeControl "40/5400+15:1800+30"]

1. d4 {[%emt 0:00:00]} d5 {[%emt 0:01:20]} 2. c4 {[%emt 0:00:00]} dxc4 {[%emt 0:00:00]} 3. e4 {[%emt 0:00:06]} Nf6 {[%emt 0:01:19]} 4. e5 {[%emt 0:00:00]} Nd5 {[%emt 0:00:00]} 5. Bxc4 {[%emt 0:00:03]} Nb6 {[%emt 0:00:29]} 6. Bd3 {[%emt 0:00:44]} Nc6 {[%emt 0:00:26]} 7. Ne2 {[%emt 0:00:42]} Bg4 {[%emt 0:04:22]} 8. f3 {[%emt 0:00:12]} Be6 {[%emt 0:03:03]} 9. Nbc3 {[%emt 0:08:50]} a6 {[%emt 0:11:57]} 10. b3 {[%emt 0:16:59]} Qd7 {[%emt 0:27:10]} 11. Ne4 {[%emt 0:08:48]} Bd5 {[%emt 0:00:03]} 12. Nc5 {[%emt 0:14:11]} Qc8 {[%emt 0:00:00]} 13. Bd2 {[%emt 0:00:06]} e6 {[%emt 0:00:46]} 14. Rc1 {[%emt 0:00:15]} Nd7 {[%emt 0:00:00]} 15. Ne4 {[%emt 0:01:11]} Ba3 {[%emt 0:00:07]} 16. Rc2 {[%emt 0:02:51]} Qb8 {[%emt 0:12:42]} 17. Kf2 {[%emt 0:09:42]} Qa7 {[%emt 0:07:54]} 18. Be3 {[%emt 0:00:31]} O-O {[%emt 0:00:01]} 19. Qb1 {[%emt 0:04:39]} Rfc8 {[%emt 0:03:03]} 20. h4 {[%emt 0:08:43]} Nb4 {[%emt 0:03:28]} 21. Rd2 {[%emt 0:00:00]} c5 {[%emt 0:00:49]} 22. Ng5 {[%emt 0:05:02]} Nxd3+ {[%emt 0:00:36]} 23. Qxd3 {[%emt 0:00:01]} Nf8 {[%emt 0:00:00]} 24. h5 {[%emt 0:01:34]} h6 {[%emt 0:08:47]} 25. Ne4 {[%emt 0:00:26]} cxd4 {[%emt 0:00:00]} 26. Nxd4 {[%emt 0:02:40]} Qb8 {[%emt 0:00:00]} 27. Rh4 {[%emt 0:01:44]} Qxe5 {[%emt 0:00:47]} 28. Ng3 {[%emt 0:00:32]} Bc1 {[%emt 0:03:17]} 29. Ndf5 {[%emt 0:03:12]} exf5 {[%emt 0:03:33]} 30. Bd4 {[%emt 0:00:00]} Qc7 {[%emt 0:00:50]} 31. Re2 {[%emt 0:02:01]} Bg5 {[%emt 0:00:00]} 32. Rh1 {[%emt 0:00:20]} f4 {[%emt 0:00:06]} 33. Nf5 {[%emt 0:00:41]} Ne6 {[%emt 0:00:00]} 34. Bb2 {[%emt 0:00:28]} Qc5+ {[%emt 0:00:07]} 35. Kf1 {[%emt 0:00:06]} Bc6 {[%emt 0:00:00]} 36. a4 {[%emt 0:00:03]} Rd8 {[%emt 0:00:00]} 37. Qb1 {[%emt 0:00:08]} Rd5 {[%emt 0:00:00]} 38. b4 {[%emt 0:00:40]} Qxb4 {[%emt 0:01:08]} 39. Re4 {[%emt 0:00:00]} Qb3 {[%emt 0:00:07]} 0-1

[Event "120th Taflfelag Reykjavik-A 2020"]
[Site "Reykjavik"]
[Date "2020.09.26"]
[Round "6.5"]
[White "Thorfinnsson, Bragi"]
[Black "Kjartansson, Gudmundur"]
[Result "0-1"]
[WhiteElo "2427"]
[BlackElo "2466"]
[Annotator "TA"]
[PlyCount "96"]
[EventDate "2020.09.13"]
[EventType "tourn"]
[EventCountry "ISL"]
[SourceTitle "playchess.com"]
[Source "ChessBase"]
[SourceQuality "1"]

{[%evp 12,96,10,1,17,-11,-14,-10,-8,-20,0,0,0,0,0,0,0,0,0,-28,-41,-47,-41,-60,-56,-45,-30,-58,-61,-49,-68,-41,-37,-57,-21,-50,20,12,21,18,13,24,45,0,0,0,0,0,0,0,0,0,13,13,13,13,16,12,16,11,12,-18,-12,-80,-14,-58,0,-155,-110,-133,-34,-220,-251,-238,-252,-257,-254,-280,-280,-977,-941,-806,-803,-2251,-2006,-3032,-2200]} 1. c4 e5 2. Nc3 Nc6 3. Nf3 Nf6 4. e3 Bb4 5. Qc2 Bxc3 6. Qxc3 Qe7 7. Be2 {Recently 7.d4 got a lot of attention.} d5 {A28: English Opening: Four Knights Variation.} 8. cxd5 Nxd5 9. Qb3 Nb6 {The position is equal.} 10. O-O O-O 11. d3 Be6 12. Qc2 a5 13. Bd2 Rfd8 14. Bc3 Bf5 {[#]} 15. e4 $146 ({Predecessor:} 15. Rfd1 Nb4 16. Qc1 Nxd3 17. Bxd3 Rxd3 18. Rxd3 Bxd3 19. Bxe5 Nd5 20. Bg3 c6 21. Qd2 Be4 22. Nd4 Bg6 23. Rd1 {½-½ (23) Rulfs,E-Schulz,B DESC email 2011}) 15... Bg4 16. Rac1 Nd7 17. Ne1 Bxe2 18. Qxe2 Nc5 19. f4 exf4 20. Rxf4 Ne6 21. Rg4 Qc5+ 22. Kh1 {And now Bxg7 would win.} Ncd4 (22... Ne5 $5 {[%cal Re5g4]} 23. Rg3 b5 $15) 23. Qf2 Qh5 (23... b5 $15) 24. h3 $11 c5 25. Nf3 {Threatens to win with Rh4.} f6 26. Rf1 Rd7 27. Nh4 (27. Bxd4 $5 cxd4 28. Nd2 $11) 27... b5 28. Nf5 Nxf5 29. exf5 Ng5 {aiming for ...Nxh3!} 30. Rh4 Qe8 31. Qxc5 Rxd3 32. Re1 Qd7 $1 33. Re7 Rd1+ 34. Kh2 Qd6+ 35. Qxd6 Rxd6 36. b4 Rc8 $36 {[%mdl 2048] Black has some pressure.} 37. Be1 (37. Rd4 $11 Rxd4 38. Bxd4 axb4 39. Rb7) 37... Rc2 (37... a4 $1 $17) 38. Rg4 Kf8 (38... Rd1 $15 39. Bh4 h5) 39. Re3 $2 (39. Rb7 $11) 39... h5 40. Rh4 Rd1 ({Black should play} 40... a4 $17 41. Rxh5 Nf7) 41. Kg3 $2 {[#] This move loses the game for White.} (41. Rxh5 $15 Rxe1 42. Rh8+ Kf7 43. Rd3) 41... a4 $1 $19 42. Rxh5 {[#] Hoping for Rh8+.} Nf7 $1 43. a3 Rb1 44. Rh4 Rb3 45. Rhe4 $2 (45. Bf2) 45... Nd6 $1 {[%csl LRe4,LRf5][%mdl 64] Double Attack. Black is clearly winning.} 46. Kf4 Nxe4 47. Rxe4 Rxa3 48. g3 Rc4 {Accuracy: White = 59%, Black = 77%.} 0-1

[Event "120th Taflfelag Reykjavik-A 2020"]
[Site "Reykjavik"]
[Date "2020.09.27"]
[Round "7.1"]
[White "Kjartansson, Gudmundur"]
[Black "Gretarsson, Hjorvar Steinn"]
[Result "1/2-1/2"]
[WhiteElo "2466"]
[BlackElo "2579"]
[Annotator "ChessBase"]
[PlyCount "127"]
[EventDate "2020.09.13"]
[EventType "tourn"]
[EventCountry "ISL"]
[SourceTitle "playchess.com"]
[Source "ChessBase"]
[SourceQuality "1"]
[TimeControl "40/5400+15:1800+30"]

1. d4 {[%emt 0:00:00]} Nf6 {[%emt 0:03:57]} 2. c4 {[%emt 0:00:00]} e6 {[%emt 0:00:11]} 3. Nf3 {[%emt 0:00:00]} b6 {[%emt 0:00:02]} 4. a3 {[%emt 0:00:00]} Ba6 {[%emt 0:00:57]} 5. Qc2 {[%emt 0:00:00]} Bb7 {[%emt 0:00:42]} 6. Nc3 {[%emt 0:00:00]} c5 {[%emt 0:00:00]} 7. e4 {[%emt 0:00:00]} cxd4 {[%emt 0:00:00]} 8. Nxd4 {[%emt 0:00:00]} Bc5 {[%emt 0:00:00]} 9. Nf3 {[%emt 0:00:00]} Ng4 {[%emt 0:04:17]} 10. Bg5 {[%emt 0:00:00]} f6 {[%emt 0:00:00]} 11. Bh4 {[%emt 0:00:00]} Nc6 {[%emt 0:01:10]} 12. Rd1 {[%emt 0:03:34]} a5 {[%emt 0:14:38]} 13. Be2 {[%emt 0:03:26]} O-O {[%emt 0:03:56]} 14. h3 {[%emt 0:09:26]} Nge5 {[%emt 0:03:49]} 15. Nxe5 {[%emt 0:01:25]} Nxe5 {[%emt 0:00:00]} 16. O-O {[%emt 0:02:00]} Rc8 {[%emt 0:04:55]} 17. Kh1 {[%emt 0:08:00]} Ba6 {[%emt 0:16:39]} 18. Qa4 {[%emt 0:03:36]} g5 {[%emt 0:16:21]} 19. Bg3 {[%emt 0:03:22]} Rf7 {[%emt 0:00:32]} 20. f4 {[%emt 0:05:17]} gxf4 {[%emt 0:00:15]} 21. Bxf4 {[%emt 0:00:00]} Ng6 {[%emt 0:00:17]} 22. Bg3 {[%emt 0:24:30]} Bb7 {[%emt 0:00:08]} 23. Bh5 {[%emt 0:01:49]} Bc6 {[%emt 0:03:31]} 24. Qc2 {[%emt 0:00:35]} Rg7 {[%emt 0:00:31]} 25. Bxg6 {[%emt 0:00:46]} Rxg6 {[%emt 0:00:09]} 26. Bd6 {[%emt 0:00:11]} f5 {[%emt 0:01:40]} 27. b4 {[%emt 0:08:53]} Bxd6 {[%emt 0:00:24]} 28. Rxd6 {[%emt 0:00:00]} axb4 {[%emt 0:04:42]} 29. axb4 {[%emt 0:00:00]} Qc7 {[%emt 0:01:13]} 30. c5 {[%emt 0:08:03]} bxc5 {[%emt 0:00:15]} 31. bxc5 {[%emt 0:00:00]} Rf8 {[%emt 0:03:29]} 32. Qd2 {[%emt 0:03:13]} fxe4 {[%emt 0:03:23]} 33. Rxf8+ {[%emt 0:00:23]} Kxf8 {[%emt 0:00:00]} 34. Qf4+ {[%emt 0:00:41]} Kg8 {[%emt 0:00:49]} 35. Nxe4 {[%emt 0:00:26]} Qd8 {[%emt 0:02:23]} 36. Rd2 {[%emt 0:05:56]} Qf8 {[%emt 0:00:48]} 37. Rf2 {[%emt 0:00:31]} Qxf4 {[%emt 0:00:00]} 38. Rxf4 {[%emt 0:00:00]} e5 {[%emt 0:00:01]} 39. Rh4 {[%emt 0:00:55]} h6 {[%emt 0:00:00]} 40. Rg4 {[%emt 0:00:00]} Kg7 {[%emt 0:00:00]} 41. Rxg6+ {[%emt 0:19:01]} Kxg6 {[%emt 0:15:29]} 42. Nc3 {[%emt 0:02:32]} e4 {[%emt 0:03:04]} 43. Kg1 {[%emt 0:00:57]} e3 {[%emt 0:00:31]} 44. Kf1 {[%emt 0:07:01]} Kf5 {[%emt 0:00:20]} 45. g4+ {[%emt 0:02:22]} Kf4 {[%emt 0:03:00]} 46. Ne2+ {[%emt 0:00:27]} Ke5 {[%emt 0:01:32]} 47. Ng3 {[%emt 0:00:21]} Bb5+ {[%emt 0:00:59]} 48. Ke1 {[%emt 0:00:16]} Bd3 {[%emt 0:00:06]} 49. Nh5 {[%emt 0:01:33]} Bg6 {[%emt 0:00:39]} 50. Ng3 {[%emt 0:00:04]} Bd3 {[%emt 0:04:12]} 51. Nh5 {[%emt 0:00:18]} Bc4 {[%emt 0:02:51]} 52. Ng7 {[%emt 0:01:39]} Kf4 {[%emt 0:00:35]} 53. Nh5+ {[%emt 0:01:57]} Kg5 {[%emt 0:00:47]} 54. Ng7 {[%emt 0:00:42]} Bd3 {[%emt 0:00:39]} 55. Nh5 {[%emt 0:00:35]} Bg6 {[%emt 0:01:15]} 56. Ng3 {[%emt 0:00:01]} Kh4 {[%emt 0:01:32]} 57. Nf1 {[%emt 0:00:23]} Kxh3 {[%emt 0:00:52]} 58. Nxe3 {[%emt 0:00:04]} Kg3 {[%emt 0:00:11]} 59. Nf5+ {[%emt 0:01:18]} Kxg4 {[%emt 0:00:04]} 60. Nxh6+ {[%emt 0:00:04]} Kf4 {[%emt 0:00:30]} 61. Kd2 {[%emt 0:00:18]} Ke5 {[%emt 0:00:27]} 62. Ng4+ {[%emt 0:00:19]} Kd4 {[%emt 0:00:09]} 63. Nf6 {[%emt 0:00:09]} Kxc5 {[%emt 0:00:05]} 64. Nxd7+ {[%emt 0:00:03]} 1/2-1/2

[Event "120th Taflfelag Reykjavik-A 2020"]
[Site "Reykjavik"]
[Date "2020.09.27"]
[Round "7.2"]
[White "Gretarsson, Helgi Ass"]
[Black "Thorfinnsson, Bragi"]
[Result "1-0"]
[WhiteElo "2401"]
[BlackElo "2427"]
[Annotator "ChessBase"]
[PlyCount "91"]
[EventDate "2020.09.13"]
[EventType "tourn"]
[EventCountry "ISL"]
[SourceTitle "playchess.com"]
[Source "ChessBase"]
[SourceQuality "1"]
[TimeControl "40/5400+15:1800+30"]

1. Nf3 {[%emt 0:00:29]} Nf6 {[%emt 0:06:37]} 2. c4 {[%emt 0:00:25]} g6 {[%emt 0:00:14]} 3. Nc3 {[%emt 0:00:20]} Bg7 {[%emt 0:00:22]} 4. g3 {[%emt 0:06:21]} O-O {[%emt 0:04:26]} 5. Bg2 {[%emt 0:01:37]} d5 {[%emt 0:01:18]} 6. d4 {[%emt 0:14:35]} Nc6 {[%emt 0:03:16]} 7. cxd5 {[%emt 0:05:12]} Nxd5 {[%emt 0:00:11]} 8. O-O {[%emt 0:00:00]} Nb6 {[%emt 0:01:40]} 9. e3 {[%emt 0:00:21]} Re8 {[%emt 0:01:27]} 10. d5 {[%emt 0:01:41]} Nb4 {[%emt 0:05:32]} 11. e4 {[%emt 0:00:23]} e6 {[%emt 0:04:10]} 12. Qb3 {[%emt 0:08:33]} Na6 {[%emt 0:12:00]} 13. Bg5 {[%emt 0:00:36]} Qd7 {[%emt 0:04:37]} 14. Rad1 {[%emt 0:05:58]} exd5 {[%emt 0:03:17]} 15. exd5 {[%emt 0:00:00]} Qg4 {[%emt 0:00:15]} 16. h3 {[%emt 0:03:10]} Qc4 {[%emt 0:00:29]} 17. Nd2 {[%emt 0:06:35]} Qxb3 {[%emt 0:02:42]} 18. axb3 {[%emt 0:01:14]} h6 {[%emt 0:03:38]} 19. Be3 {[%emt 0:00:19]} Bd7 {[%emt 0:02:58]} 20. Nc4 {[%emt 0:06:52]} Nxc4 {[%emt 0:06:49]} 21. bxc4 {[%emt 0:00:00]} Bxc3 {[%emt 0:00:20]} 22. bxc3 {[%emt 0:00:00]} Rxe3 {[%emt 0:00:04]} 23. fxe3 {[%emt 0:00:00]} Nc5 {[%emt 0:00:15]} 24. e4 {[%emt 0:08:12]} a5 {[%emt 0:02:22]} 25. e5 {[%emt 0:17:58]} a4 {[%emt 0:05:24]} 26. g4 {[%emt 0:00:48]} Kg7 {[%emt 0:02:48]} 27. Rfe1 {[%emt 0:01:08]} Re8 {[%emt 0:01:05]} 28. Re2 {[%emt 0:02:37]} Rh8 {[%emt 0:04:47]} 29. Bf3 {[%emt 0:00:54]} b6 {[%emt 0:02:51]} 30. Kg2 {[%emt 0:00:13]} Re8 {[%emt 0:02:30]} 31. Kf2 {[%emt 0:00:09]} h5 {[%emt 0:02:57]} 32. gxh5 {[%emt 0:00:14]} gxh5 {[%emt 0:00:00]} 33. Bxh5 {[%emt 0:00:43]} Rh8 {[%emt 0:01:54]} 34. Bg4 {[%emt 0:00:00]} Bxg4 {[%emt 0:00:51]} 35. hxg4 {[%emt 0:00:00]} Rh2+ {[%emt 0:01:23]} 36. Kf3 {[%emt 0:00:00]} Rh3+ {[%emt 0:02:34]} 37. Kg2 {[%emt 0:00:00]} Rh8 {[%emt 0:00:35]} 38. Kg3 {[%emt 0:01:16]} Ra8 {[%emt 0:00:03]} 39. e6 {[%emt 0:00:01]} fxe6 {[%emt 0:00:20]} 40. dxe6 {[%emt 0:00:00]} Re8 {[%emt 0:00:00]} 41. e7 {[%emt 0:15:58]} a3 {[%emt 0:17:33]} 42. Ra1 {[%emt 0:01:19]} Kf7 {[%emt 0:01:04]} 43. Rxa3 {[%emt 0:00:09]} Rxe7 {[%emt 0:01:38]} 44. Rxe7+ {[%emt 0:00:08]} Kxe7 {[%emt 0:00:12]} 45. Kh4 {[%emt 0:05:32]} Ne4 {[%emt 0:02:33]} 46. Ra7 {[%emt 0:02:36]} 1-0

[Event "120th Taflfelag Reykjavik-A 2020"]
[Site "Reykjavik"]
[Date "2020.09.27"]
[Round "7.3"]
[White "Sigfusson, Sigurdur"]
[Black "Einarsson, Halldor Gretar"]
[Result "1-0"]
[WhiteElo "2276"]
[BlackElo "2258"]
[Annotator "ChessBase"]
[PlyCount "79"]
[EventDate "2020.09.13"]
[EventType "tourn"]
[EventCountry "ISL"]
[SourceTitle "playchess.com"]
[Source "ChessBase"]
[SourceQuality "1"]
[TimeControl "40/5400+15:1800+30"]

1. e4 {[%emt 0:00:00]} c5 {[%emt 0:00:00]} 2. Nf3 {[%emt 0:00:00]} Nc6 {[%emt 0:00:00]} 3. d4 {[%emt 0:00:00]} cxd4 {[%emt 0:00:00]} 4. Nxd4 {[%emt 0:00:00]} Nf6 {[%emt 0:00:00]} 5. Nc3 {[%emt 0:00:00]} e5 {[%emt 0:00:00]} 6. Ndb5 {[%emt 0:00:00]} d6 {[%emt 0:00:00]} 7. Bg5 {[%emt 0:00:00]} a6 {[%emt 0:00:00]} 8. Na3 {[%emt 0:00:00]} b5 {[%emt 0:00:00]} 9. Bxf6 {[%emt 0:00:00]} gxf6 {[%emt 0:00:00]} 10. Nd5 {[%emt 0:00:00]} f5 {[%emt 0:00:00]} 11. Bd3 {[%emt 0:00:00]} Be6 {[%emt 0:00:01]} 12. c3 {[%emt 0:00:00]} Bxd5 {[%emt 0:01:46]} 13. exd5 {[%emt 0:00:00]} Ne7 {[%emt 0:00:04]} 14. Nxb5 {[%emt 0:00:00]} Bg7 {[%emt 0:00:24]} 15. Na3 {[%emt 0:00:00]} O-O {[%emt 0:03:45]} 16. O-O {[%emt 0:00:00]} e4 {[%emt 0:00:31]} 17. Bc2 {[%emt 0:02:34]} Qc8 {[%emt 0:02:59]} 18. Qd2 {[%emt 0:11:47]} Ng6 {[%emt 0:07:12]} 19. Kh1 {[%emt 0:08:56]} Rb8 {[%emt 0:12:11]} 20. Bb3 {[%emt 0:03:14]} a5 {[%emt 0:23:07]} 21. f3 {[%emt 0:07:14]} Re8 {[%emt 0:08:02]} 22. Rae1 {[%emt 0:12:37]} Re7 {[%emt 0:08:06]} 23. fxe4 {[%emt 0:09:14]} fxe4 {[%emt 0:00:00]} 24. Nc4 {[%emt 0:00:17]} a4 {[%emt 0:04:56]} 25. Nxd6 {[%emt 0:00:20]} Qd7 {[%emt 0:00:17]} 26. Nxe4 {[%emt 0:06:19]} axb3 {[%emt 0:00:40]} 27. Nc5 {[%emt 0:00:00]} Qb5 {[%emt 0:08:24]} 28. Nxb3 {[%emt 0:00:12]} Rd7 {[%emt 0:00:07]} 29. Rd1 {[%emt 0:02:03]} Rbd8 {[%emt 0:00:02]} 30. Qf2 {[%emt 0:00:07]} Ne5 {[%emt 0:00:41]} 31. Rd4 {[%emt 0:01:32]} Nc4 {[%emt 0:04:49]} 32. Rg4 {[%emt 0:01:47]} Ne3 {[%emt 0:02:33]} 33. Rxg7+ {[%emt 0:00:00]} Kxg7 {[%emt 0:00:00]} 34. Qf6+ {[%emt 0:00:06]} Kg8 {[%emt 0:02:09]} 35. Qg5+ {[%emt 0:04:25]} Kf8 {[%emt 0:00:31]} 36. Qh6+ {[%emt 0:00:00]} Ke8 {[%emt 0:02:28]} 37. Qxe3+ {[%emt 0:00:17]} Re7 {[%emt 0:00:00]} 38. Qf2 {[%emt 0:00:50]} Qxd5 {[%emt 0:00:19]} 39. Nd4 {[%emt 0:00:39]} Qxa2 {[%emt 0:01:14]} 40. Nc6 {[%emt 0:25:30]} 1-0